000 00428pab a2200145 454500
008 180718b2002 xxu||||| |||| 00| 0 eng d
100 _aAbelson, Julia et al.
245 _aObtaining public input for health-systems decision-making: past experiences and future prospects
260 _c2002
300 _ap.70-97.
362 _aSpring
650 _aHealth services
773 _aCanadian Public Administration
909 _a53987
999 _c53987
_d53987